[Event "FSV-ch 2010"]
[Site "Dortmund"]
[Date "2010.04.29"]
[Round "3.4"]
[White "Begna, Bozidar"]
[Black "Stukemeier, Ralf"]
[Result "1-0"]
[WhiteElo "1978"]
[BlackElo "1756"]
[PlyCount "139"]
[EventDate "2010.??.??"]

1. d3 Nf6 2. e4 d6 3. Nf3 e5 4. Nbd2 Be7 5. d4 exd4 6. Nxd4 O-O 7. Be2 Re8 8.
O-O Bf8 9. Bf3 Nbd7 10. Re1 Ne5 11. Be2 Ng6 12. Bd3 d5 13. exd5 Rxe1+ 14. Qxe1
Qxd5 15. N2f3 Bd7 16. Bg5 Re8 17. Qc3 Ne4 18. Bxe4 Rxe4 19. Qxc7 Bd6 20. c4
Bxc7 21. cxd5 Bb6 22. Rd1 f6 23. Be3 Kf7 24. Nc2 Bg4 25. Bxb6 axb6 26. Ncd4 Nf4
27. h3 Bxf3 28. Nxf3 Ke7 29. d6+ Kd7 30. h4 Re2 31. Rd4 Ne6 32. Rb4 Kxd6 33.
Rxb6+ Kc7 34. Rb4 Nc5 35. Kf1 Rc2 36. Nd4 Rd2 37. Ke1 Rxf2 38. Kxf2 Nd3+ 39.
Ke2 Nxb4 40. a3 Nd5 41. Ne6+ Kd6 42. Nxg7 Ke5 43. Nh5 Ke4 44. g3 f5 45. a4 h6
46. b3 Nc3+ 47. Kd2 Nd5 48. Ng7 Ne3 49. Ke2 Nd5 50. Ne6 b6 51. Nf4 Nb4 52. Nh3
Nc6 {(=)} 53. Nf2+ Ke5 54. Ke3 Nd4 55. Nd3+ Kd5 56. b4 Nc2+ 57. Kd2 Nd4 58. b5
Kc4 59. Ne5+ Kb3 60. Kd3 Ne6 61. Nd7 Kxa4 62. Kc4 f4 63. gxf4 Nxf4 64. Nxb6+
Ka5 65. Nd7 Ng6 66. Kc5 Nxh4 67. b6 Ka6 68. Kc6 Nf5 69. Nc5+ Ka5 70. b7 1-0

[Event "FSV-ch 2010"]
[Site "Dortmund"]
[Date "2010.04.29"]
[Round "3.5"]
[White "Lauche, Christoph"]
[Black "Raskin, Vitali"]
[Result "1-0"]
[WhiteElo "1960"]
[BlackElo "1738"]
[PlyCount "69"]
[EventDate "2010.??.??"]

1. e4 e5 2. Bb5 c6 3. Ba4 b5 4. Bb3 Nf6 5. Nf3 d6 6. d3 Bg4 7. Nbd2 Be7 8. Nf1
Nbd7 9. h3 Bh5 10. Ng3 Bg6 11. Nh4 Nc5 12. Nhf5 Bxf5 13. Nxf5 O-O 14. O-O Nxb3
15. axb3 g6 16. Nxe7+ Qxe7 17. Bg5 Qe6 18. f4 exf4 19. Bxf4 Nh5 20. Bh6 Rfe8
21. Qf3 a5 22. Rae1 Ra7 23. g4 Ng7 24. Qe3 Rb7 25. Bg5 c5 26. Rf6 Qd7 27. Ref1
Qc6 28. Qf2 Ne6 29. Rxf7 Nxg5 30. Rf8+ Kg7 31. Qf6+ Kh6 32. h4 Nh3+ 33. Kh2
Rxf8 34. Qxf8+ Rg7 35. Rf7 1-0

[Event "FSV-ch 2010"]
[Site "Dortmund"]
[Date "2010.04.29"]
[Round "3.6"]
[White "Grube, Jörg"]
[Black "Kropp, Andreas J"]
[Result "1/2-1/2"]
[WhiteElo "1684"]
[BlackElo "1936"]
[PlyCount "33"]
[EventDate "2010.??.??"]

1. d4 Nf6 2. c4 c5 3. d5 e5 4. dxe6 fxe6 5. Nc3 Nc6 6. Bg5 Be7 7. e3 O-O 8. Nf3
d5 9. Bxf6 Bxf6 10. cxd5 exd5 11. Be2 d4 12. Qb3+ Kh8 13. O-O-O Qa5 14. Ne4
dxe3 15. fxe3 Be7 16. Rhf1 Qb4 17. Nd6 1/2-1/2

[Event "FSV-ch 2010"]
[Site "Dortmund"]
[Date "2010.04.29"]
[Round "3.7"]
[White "Rzoczek, Christoph"]
[Black "Behler, Nils"]
[Result "1-0"]
[WhiteElo "1498"]
[BlackElo "1779"]
[PlyCount "69"]
[EventDate "2010.??.??"]

1. d4 Nf6 2. Nf3 d5 3. Nbd2 c6 4. c3 h6 5. Qc2 Nbd7 6. e4 dxe4 7. Nxe4 Qc7 8.
Bc4 e6 9. O-O Be7 10. Qe2 O-O 11. Bd3 Re8 12. h3 a6 13. Kh1 b5 14. g4 Nd5 15.
Qd2 Bb7 16. Rg1 c5 17. g5 h5 18. g6 f5 19. Neg5 N5f6 20. Qe2 Nf8 21. Nxe6 Bxf3+
22. Qxf3 Nxe6 23. Bxf5 Nf8 24. Bf4 Bd6 25. Bxd6 Qxd6 26. Rae1 cxd4 27. cxd4 Qd5
28. Qxd5+ Nxd5 29. Be4 Rad8 30. Bxd5+ Rxd5 31. Rxe8 Rxd4 32. Rg5 h4 33. Rh5 Rd6
34. Rh8+ Kxh8 35. Rxf8# 1-0

[Event "FSV-ch 2010"]
[Site "Dortmund"]
[Date "2010.04.29"]
[Round "3.9"]
[White "Reinacher, Detlev"]
[Black "Raszelenberg, Patrick"]
[Result "1/2-1/2"]
[WhiteElo "1502"]
[BlackElo "1733"]
[PlyCount "119"]
[EventDate "2010.??.??"]

1. Nf3 c5 2. d3 d6 3. g3 e6 4. Bg2 Nf6 5. c3 Be7 6. Nbd2 a6 7. e4 Nbd7 8. O-O
Qc7 9. b3 O-O 10. Bb2 b5 11. Qe2 Bb7 12. Rfc1 Rad8 13. d4 Nb6 14. a4 c4 15. a5
Nbd7 16. bxc4 bxc4 17. Ba3 e5 18. dxe5 Nxe5 19. Nxe5 dxe5 20. Bxe7 Qxe7 21.
Nxc4 Nd7 22. Rd1 Nc5 23. Rxd8 Rxd8 24. Rd1 f6 25. Rxd8+ Qxd8 26. Nxe5 Qe7 27.
Qc4+ Kf8 28. Nd3 ({Leicht gewann die Abwicklung} 28. Qxc5 $1 fxe5 29. Qxe7+
Kxe7 30. f3 Kd6 31. Kf2 Kc5 32. Bf1 {usw.}) 28... Nxe4 29. Bxe4 Bxe4 30. Nc5
Bf5 31. Qd5 Bc8 32. Qc6 Qe1+ 33. Kg2 Bf5 34. Qd6+ Kf7 35. Qd5+ Kg6 36. Qd4 h5
37. Qe3 Qb1 38. Qe8+ Kh6 39. Qe3+ Kh7 40. Qd4 Qe1 41. Qf4 Kg6 42. Qe3 Qd1 43.
Qe8+ Kh6 44. Qe3+ Kh7 45. Qd4 Qa1 46. Qf4 Bg6 47. Ne6 Bd3 48. Qd4 Qf1+ 49. Kf3
Qe2+ 50. Kf4 g5+ ({Der Partiezug ist uebereilt. Statt dessen stellte} 50... Bc2
$1 {Weiss vor wohl unloesbare Probleme.}) 51. Nxg5+ fxg5+ 52. Kxg5 Qe7+ 53.
Kxh5 Be2+ 54. g4 Bb5 55. g5 Be8+ 56. Kh4 Bg6 57. Qf4 Qd7 58. Qd4 Qc7 59. f4 Qe7
60. Qe5 1/2-1/2

[Event "FSV-ch 2010"]
[Site "Dortmund"]
[Date "2010.04.29"]
[Round "3.10"]
[White "Gennat, Egon L"]
[Black "Jost, Udo"]
[Result "0-1"]
[WhiteElo "1372"]
[BlackElo "1762"]
[PlyCount "40"]
[EventDate "2010.??.??"]

1. e4 c5 2. Nf3 e6 3. d3 Nc6 4. g3 d5 5. Nbd2 Bd6 6. Bg2 Nf6 7. O-O h5 8. Re1
Bc7 9. exd5 Nxd5 10. Nc4 h4 11. Nxh4 Rxh4 12. gxh4 b5 13. Bxd5 Qxd5 14. Ne3 Qd6
15. Qf3 Qxh2+ 16. Kf1 Bb7 17. Nd5 O-O-O 18. Nxc7 Nd4 19. Qg3 Qh1+ 20. Qg1 Bg2#
0-1

[Event "FSV-ch 2010"]
[Site "Dortmund"]
[Date "2010.04.29"]
[Round "3.12"]
[White "Skalweit, Wolfgang"]
[Black "Campana, Rafael"]
[Result "0-1"]
[WhiteElo "1343"]
[BlackElo "1663"]
[PlyCount "106"]
[EventDate "2010.??.??"]

1. f4 d5 2. Nf3 Nf6 3. e3 e6 4. b3 b6 5. Bb2 Bb7 6. Be2 Be7 7. O-O Nbd7 8. Ne5
a6 9. d3 Nf8 10. Nd2 Ng6 11. Ndf3 Bd6 12. Qe1 Ne7 13. Nh4 Nf5 14. Nxf5 exf5 15.
Qg3 O-O 16. Rae1 Bb4 17. c3 Bd6 18. Bf3 Re8 19. c4 Bb4 20. Re2 c6 21. a3 Bf8
22. Qg5 h6 23. Qh4 Re6 24. g4 fxg4 25. Nxg4 Nxg4 26. Qxd8 Rxd8 27. Bxg4 Rg6 28.
Rg2 dxc4 29. dxc4 c5 30. Rg3 Rgd6 31. Bf3 Bxf3 32. Rgxf3 f5 33. Bc3 Rd3 34. Rc1
b5 35. cxb5 axb5 36. b4 c4 37. Kf1 Ra8 38. Bb2 Kf7 39. Ke2 Be7 40. Rd1 Rad8 41.
Rff1 Rb3 42. Rxd8 Bxd8 43. Bc1 Bb6 44. Rd1 Ke6 45. h3 Rc3 46. Kf3 g5 47. Rg1
Bd8 48. Rd1 Bf6 49. Bb2 Rd3 50. Rxd3 cxd3 51. Bxf6 g4+ 52. hxg4 fxg4+ 53. Kxg4
d2 0-1

[Event "FSV-ch 2010"]
[Site "Dortmund"]
[Date "2010.04.29"]
[Round "3.13"]
[White "Krüger, Georg"]
[Black "Hübel, Carsten"]
[Result "1-0"]
[WhiteElo "1649"]
[BlackElo "1346"]
[PlyCount "61"]
[EventDate "2010.??.??"]

1. d4 Nf6 2. Nc3 e6 3. Bg5 Be7 4. Qd3 d5 5. O-O-O O-O 6. f3 Bd7 7. e4 dxe4 8.
fxe4 Ng4 9. Bxe7 Qxe7 10. Qd2 Nc6 11. Nf3 f6 12. h3 Nh6 13. g4 Nf7 14. Bd3 e5
15. Bc4 Qb4 16. Bb3 exd4 17. Nxd4 Qxd4 18. Qe2 Bxg4 19. hxg4 Qe5 20. Rd5 Qf4+
21. Kb1 Nce5 22. Rdd1 Kh8 23. Nd5 Qxg4 24. Qh2 h6 25. Nxc7 Rad8 26. Rdg1 Nf3
27. Rxg4 Nxh2 28. Rg2 Nf3 29. Ne6 Rd2 30. Rxg7 N7g5 31. Rxh6+ 1-0

[Event "FSV-ch 2010"]
[Site "Dortmund"]
[Date "2010.04.29"]
[Round "3.14"]
[White "Tekin, Baran"]
[Black "Volmer, Martin"]
[Result "0-1"]
[WhiteElo "1336"]
[BlackElo "1645"]
[PlyCount "100"]
[EventDate "2010.??.??"]

1. d4 d5 2. c4 dxc4 3. e3 Be6 4. Nd2 b5 5. a4 c6 6. Qc2 Nf6 7. axb5 cxb5 8. b3
Bd5 9. bxc4 bxc4 10. Nxc4 e6 11. Nd2 Be7 12. Ngf3 O-O 13. Bd3 Nc6 14. O-O Nb4
15. Qc3 Rc8 16. Bc4 a5 17. Ba3 Bxc4 18. Nxc4 Ne4 19. Qb3 a4 20. Qb1 Nc3 21. Qb2
Rxc4 22. Bxb4 Bxb4 23. Ne5 Qc7 24. Nxc4 Qxc4 25. Rfc1 Rc8 26. Kh1 a3 27. Qc2 g6
28. Rab1 Nxb1 29. Qxc4 Rxc4 30. Rxc4 a2 31. Rc8+ Kg7 32. Ra8 Nc3 33. Kg1 Ne2+
34. Kf1 Nc1 35. f4 Bc3 36. e4 a1=Q 37. Rxa1 Bxa1 38. d5 exd5 39. exd5 Bf6 40.
Kf2 Be7 41. Kg3 Nd3 42. Kg4 f5+ 43. Kf3 Nb4 44. g4 Nxd5 45. h3 Bd6 46. Kg3
Bxf4+ 47. Kf3 Kf6 48. h4 Bc1 49. h5 fxg4+ 50. Kxg4 g5 0-1

[Event "FSV-ch 2010"]
[Site "Dortmund"]
[Date "2010.04.29"]
[Round "3.15"]
[White "Weischer, Wolfgang"]
[Black "Krüger, Inge"]
[Result "1/2-1/2"]
[WhiteElo "1606"]
[BlackElo "1328"]
[PlyCount "101"]
[EventDate "2010.??.??"]

1. e4 e6 2. c4 d5 3. cxd5 exd5 4. Qb3 c6 5. e5 Ne7 6. d4 Ng6 7. Bd3 Be7 8. f4
O-O 9. Nf3 Nd7 10. O-O f5 11. Be3 Nb6 12. Nbd2 Be6 13. Rac1 Rc8 14. Ng5 Bxg5
15. fxg5 Rc7 16. Qd1 Qe8 17. Bf4 Nxf4 18. Rxf4 g6 19. a4 a5 20. Nb3 Nxa4 21.
Nxa5 Nxb2 22. Qc2 Nxd3 23. Qxd3 Qe7 24. h4 c5 25. Nb3 c4 26. Qc3 Rfc8 27. Nc5
Bf7 28. Ra1 Rxc5 29. dxc5 Qxc5+ 30. Rd4 Qb6 31. Ra3 Re8 32. Kh2 Qe6 33. Rd1
Qxe5+ 34. Qxe5 Rxe5 35. Ra8+ Be8 36. Rd8 Kf7 37. R8xd5 Rxd5 38. Rxd5 b6 39. Kg3
Ke6 40. Rd8 Bc6 41. Kf2 b5 42. g3 Ke5 43. Ke3 b4 44. Rb8 b3 45. Rb6 Kd5 46. Rb8
Ke5 47. Rb6 Kd5 48. Kd2 Kc5 49. Rb8 Kd4 50. Rd8+ Bd5 51. Rc8 {
mit ueberraschendem Remisschluss.} ({Ein neues "Mitglied" in Dortmunds
beruehmtem Inge-Krueger-Klub haette die Grand Madame des hiesigen Schachs nach
} 51. Rc8 {wie folgt gewinnen koennen:} 51... c3+ $3 52. Rxc3 b2 53. Rd3+ Ke5 {
und Weiss verliert entscheidend Material.}) 1/2-1/2

[Event "FSV-ch 2010"]
[Site "Dortmund"]
[Date "2010.05.02"]
[Round "3.16"]
[White "Kirmes, Hans-Uwe"]
[Black "Dite, Alexander"]
[Result "1-0"]
[WhiteElo "1333"]
[BlackElo "1598"]
[PlyCount "99"]
[EventDate "2010.??.??"]

1. f4 c5 2. Nf3 d5 3. e3 g6 4. Nc3 Bg7 5. Ne5 Nf6 6. Bb5+ Bd7 7. Nxd7 Nbxd7 8.
Qf3 e6 9. O-O a6 10. Be2 O-O 11. d3 b5 12. a3 Qc7 13. Bd2 Rfb8 14. e4 b4 15.
Nd1 a5 16. e5 Ne8 17. a4 Rd8 18. c3 c4 19. d4 b3 20. g4 f5 21. gxf5 gxf5 22.
Rf2 Nf8 23. Rg2 Rd7 24. Nf2 Kh8 25. Qh3 Kg8 26. Kh1 Qc6 27. Bh5 Qc7 28. Rag1
Qb7 29. Qg3 Ng6 30. Bxg6 hxg6 31. Qxg6 Qc6 32. Ra1 Kf8 33. Nh3 Ke7 34. Ng5 Ra6
35. Nf7 Kf8 36. Nh6 Bxh6 37. Qxh6+ Rg7 38. Rg6 Kg8 39. Rag1 Raa7 40. Ra1 Rxg6
41. Qxg6+ Rg7 42. Qh5 Qd7 43. Be1 Rg4 44. Bg3 Nc7 45. Bh4 Na8 46. Bg5 Nb6 47.
h3 Rg3 48. Qg6+ Qg7 49. Qxe6+ Kf8 50. Bh6 {Die folgende Ergebniserfassung
dieser Partie ist korrekt! Schwarz, der e-i-n-z-ue-g-i-g mattsetzen kann,
bemerkte dies nicht und gab auf!!} 1-0

[Event "FSV-ch 2010"]
[Site "Dortmund"]
[Date "2010.04.29"]
[Round "3.17"]
[White "Dieckmann, Rudolf"]
[Black "Strotmann, Dieter"]
[Result "1/2-1/2"]
[WhiteElo "1541"]
[BlackElo "1269"]
[PlyCount "73"]
[EventDate "2010.??.??"]

1. d4 Nf6 2. c4 g6 3. Nc3 Bg7 4. e4 d6 5. h3 O-O 6. Nf3 Nbd7 7. Bf4 Nh5 8. Be3
c6 9. Be2 e5 10. dxe5 dxe5 11. Ng5 Nf4 12. Bxf4 exf4 13. Nf3 Nc5 14. Qc2 Qe7
15. Rd1 f5 16. e5 Bxe5 17. Nxe5 Qxe5 18. O-O Ne4 19. Nb1 Qc5 20. a3 b5 21. b4
Qb6 22. c5 Qc7 23. Qb3+ Kg7 24. a4 a6 25. a5 Re8 26. Qb2+ Kh6 27. Rfe1 Be6 28.
Qc1 Bd5 29. g3 g5 30. g4 Qf7 31. Nc3 Rad8 32. gxf5 Qxf5 33. Bg4 Qf6 34. Nxe4
Rxe4 35. Rxe4 Bxe4 36. f3 Bd5 37. Qc2 1/2-1/2

[Event "FSV-ch 2010"]
[Site "Dortmund"]
[Date "2010.04.29"]
[Round "3.18"]
[White "Herrmann, Rudolf"]
[Black "Benke, Werner"]
[Result "1/2-1/2"]
[WhiteElo "1272"]
[BlackElo "1552"]
[PlyCount "69"]
[EventDate "2010.??.??"]

1. d4 Nf6 2. Nf3 d5 3. c4 e6 4. Nc3 Be7 5. Bg5 Nbd7 6. e3 O-O 7. cxd5 exd5 8.
Be2 b6 9. O-O Bb7 10. Qc2 h6 11. Bf4 Rc8 12. a3 Nh5 13. Be5 c6 14. b4 Re8 15.
Qb3 Nhf6 16. Rfc1 Nf8 17. a4 Bd6 18. a5 Bxe5 19. Nxe5 N6d7 20. Nxd7 Nxd7 21.
Bg4 Rb8 22. axb6 axb6 23. Ra7 Nf6 24. Bf3 b5 25. h3 Ra8 26. Nxb5 Rxa7 27. Nxa7
Qb6 28. Nxc6 Bxc6 29. Rc5 Rd8 30. Qc2 Bb7 31. Qa4 Ra8 32. Ra5 Rc8 33. Rc5 Ra8
34. Ra5 Rc8 35. Rc5 1/2-1/2

[Event "FSV-ch 2010"]
[Site "Dortmund"]
[Date "2010.04.29"]
[Round "3.19"]
[White "Tautz, Eugen"]
[Black "Wickenfeld, Udo"]
[Result "0-1"]
[WhiteElo "1397"]
[BlackElo "1232"]
[PlyCount "94"]
[EventDate "2010.??.??"]

1. c4 e5 2. Nc3 Bc5 3. Nf3 d6 4. e3 Nf6 5. d4 exd4 6. exd4 Bb4 7. Qa4+ Nc6 8.
Bd2 Bxc3 9. Bxc3 Bd7 10. Qc2 O-O 11. Be2 Re8 12. O-O a6 13. Rae1 b5 14. b3 b4
15. Bb2 a5 16. Bd3 h6 17. Rxe8+ Qxe8 18. Re1 Qf8 19. d5 Ne7 20. Bxf6 gxf6 21.
Nd4 Re8 22. Re3 Kh8 23. h3 c6 24. dxc6 Nxc6 25. Rxe8 Qxe8 {(=)} 26. Ne2 Qg8 27.
Kh2 Qg5 28. Ng3 Qe5 29. Qd2 Kg7 30. f4 Qc5 31. Ne4 Qd4 32. Ng3 Qc5 33. Bb1 Nd4
34. Qd3 f5 35. Qd2 Kg6 36. Qd1 Kg7 37. Qh5 Be6 38. Qh4 Nf3+ 39. gxf3 Qf2+ 40.
Kh1 Qxf3+ 41. Kg1 Qd1+ 42. Kg2 Qxb1 43. Nh5+ Kg6 44. Ng3 Qxa2+ 45. Kg1 Qxb3 46.
Qh5+ Kh7 47. Nxf5 Qb1+ 0-1

[Event "FSV-ch 2010"]
[Site "Dortmund"]
[Date "2010.04.29"]
[Round "3.20"]
[White "Hast, Stefan"]
[Black "Gerke, Dieter"]
[Result "0-1"]
[WhiteElo "1197"]
[BlackElo "1503"]
[PlyCount "56"]
[EventDate "2010.??.??"]

1. e4 c5 2. Nf3 e6 3. Bc4 Nc6 4. Nc3 a6 5. a3 b5 6. Ba2 Nf6 7. e5 Ng4 8. d4
cxd4 9. Nxd4 Ngxe5 10. f4 d5 11. Be3 Nxd4 12. fxe5 Nc6 13. Bf4 Bc5 14. Qg4 g6
15. Bg5 Nxe5 16. Qh4 Be7 17. Bxe7 Qxe7 18. Qxe7+ Kxe7 19. O-O Bb7 20. Rae1 f6
21. Rf2 Rad8 22. Ref1 Rhf8 23. Ne2 Ng4 24. Rf3 d4 25. Rd3 e5 26. Nxd4 Rxd4 27.
Rxd4 exd4 28. Re1+ Ne5 0-1

[Event "FSV-ch 2010"]
[Site "Dortmund"]
[Date "2010.04.29"]
[Round "3.21"]
[White "Griese, Andreas"]
[Black "Völler, Lothar"]
[Result "0-1"]
[WhiteElo "1172"]
[BlackElo "1500"]
[PlyCount "76"]
[EventDate "2010.??.??"]

1. d4 Nf6 2. c4 c5 3. e3 g6 4. Nf3 d6 5. d5 Bg7 6. Be2 O-O 7. O-O b6 8. Nc3
Nbd7 9. Rb1 a6 10. a3 Ng4 11. h3 Nge5 12. Nxe5 Nxe5 13. f4 Nd7 14. Bd2 f5 15.
e4 Nf6 16. e5 dxe5 17. fxe5 Nd7 18. e6 Nf6 19. Bf4 b5 20. cxb5 axb5 21. Bxb5
Qb6 22. Bc4 Ne8 23. Na4 Qa7 24. b3 Bd4+ 25. Kh1 Nd6 26. Bxd6 exd6 27. Re1 Qe7
28. Qf3 Bb7 29. Bb5 Ra7 30. b4 Rfa8 31. Qb3 cxb4 32. Qxb4 Bg7 33. Qb3 Bh6 34.
Rec1 Bxc1 35. Rxc1 Qh4 36. Rc4 Qe1+ 37. Kh2 Qe5+ 38. Kg1 Bxd5 0-1

[Event "FSV-ch 2010"]
[Site "Dortmund"]
[Date "2010.04.29"]
[Round "3.22"]
[White "Wangrin, Stefan A"]
[Black "Milonas, Georgios"]
[Result "0-1"]
[WhiteElo "1077"]
[BlackElo "1449"]
[PlyCount "100"]
[EventDate "2010.??.??"]

1. d4 Nf6 2. c4 g6 3. Nc3 Bg7 4. Nf3 O-O 5. e4 d6 6. Be2 e5 7. d5 Ne8 8. O-O f5
9. Ng5 f4 10. Ne6 Bxe6 11. dxe6 Qe7 12. Bg4 c6 13. f3 Nc7 14. Qb3 Nca6 15. Na4
b6 16. Bd2 Kh8 17. Be1 Nc7 18. Bf2 Nxe6 19. Bxe6 Qxe6 20. c5 Qxb3 21. axb3 Nd7
22. cxd6 Rf6 23. Nxb6 Nxb6 24. Bxb6 Rxd6 25. Bxa7 Rd7 26. Bc5 Rad8 27. Rac1 h6
28. Bb6 Rc8 29. Rf2 Rb7 30. Ba5 Rxb3 31. Rc3 Rb5 32. b4 Bf8 33. Rfc2 c5 34. Kf2
Ra8 35. Bc7 cxb4 36. Rc6 b3 37. Bxe5+ Rxe5 38. Rb2 Ra2 39. Rxa2 bxa2 40. Ra6
Bg7 41. Rxa2 Rb5 42. Ra8+ Kh7 43. Ra7 h5 44. Re7 Kh6 45. h4 Bf6 46. Re8 Bxh4+
47. Ke2 Rb2+ 48. Kf1 Rf2+ 49. Kg1 Re2 50. Kf1 {(=)} 50... Re1# 0-1

[Event "FSV-ch 2010"]
[Site "Dortmund"]
[Date "2010.04.29"]
[Round "3.23"]
[White "Haufe, Sven"]
[Black "Schlepütz, Volker"]
[Result "1-0"]
[WhiteElo "1421"]
[BlackElo "1185"]
[PlyCount "103"]
[EventDate "2010.??.??"]

1. d4 d5 2. c4 dxc4 3. e4 e5 4. Nf3 exd4 5. Qxd4 Qxd4 6. Nxd4 Bc5 7. Nb5 Na6 8.
Bxc4 c6 9. N5a3 b5 10. Bb3 Be6 11. Bxe6 fxe6 12. Nc2 Nf6 13. f3 e5 14. a3 O-O
15. b4 Bb6 16. Bb2 Rfe8 17. Nd2 c5 18. Nb3 Rac8 19. bxc5 Nxc5 20. Nxc5 Rxc5 21.
Ne3 Ba5+ 22. Ke2 Rec8 23. Rhc1 Rxc1 24. Rxc1 Rxc1 25. Bxc1 g6 {(=)} 26. Bb2 Nd7
27. Nd5 Kf7 28. h4 h5 29. Nb4 Bb6 30. Nd5 Bd8 31. g3 g5 32. hxg5 Bxg5 33. Nc7
h4 34. gxh4 Bxh4 35. Nxb5 a5 36. Bc1 Nc5 37. Be3 Nb7 38. f4 exf4 39. Bxf4 Ke6
40. Be3 Ke5 41. Kd3 Be7 42. Bd4+ Kf4 43. e5 Nc5+ 44. Kc4 Ne6 45. Nd6 Bf8 46. a4
Bg7 47. Nb7 Nxd4 48. Kxd4 Bxe5+ 49. Kc4 Bc7 50. Kb5 Ke5 51. Nxa5 Kd6 52. Nc4+ {
und hier notieren die Spieler einen Sieg fuer Weiss. Warum, bleibt unklar.
Weiss kann objektiv nichtgewinnen!} 1-0

[Event "FSV-ch 2010"]
[Site "Dortmund"]
[Date "2010.04.29"]
[Round "3.24"]
[White "Beckers, Jürgen"]
[Black "Vogt, Christian"]
[Result "0-1"]
[WhiteElo "1381"]
[BlackElo "1374"]
[PlyCount "92"]
[EventDate "2010.??.??"]

1. e4 Nf6 2. e5 Nd5 3. c4 Nb6 4. Qb3 c5 5. Nf3 Nc6 6. d3 d6 7. exd6 Qxd6 8. Be2
Bf5 9. O-O h6 10. Nc3 e6 11. Nb5 Qd8 12. Bf4 Be7 13. Nc7+ Kf8 14. Nxa8 Qxa8 15.
Qc2 f6 16. Bd2 Kf7 17. Bc3 Rd8 18. Rad1 Nd7 19. Rd2 Nf8 20. Rfd1 e5 21. Qc1 Ne6
22. Nh4 Bh7 23. g3 b6 24. Bf3 Qc8 25. Be4 g6 26. Re2 Ncd4 27. Bxd4 Nxd4 28.
Ree1 Kg7 29. f4 Qg4 30. Qe3 Nc2 {(=)} 31. Qe2 Qxe2 32. Rxe2 Nd4 33. Rf2 exf4
34. gxf4 f5 35. Bd5 Bxh4 36. Rff1 Re8 37. Kh1 Bg8 38. Bf3 Re3 39. Kg2 Be6 40.
Rd2 Bd7 41. a3 Bc6 42. Bd5 Bxd5+ 43. cxd5 Nb3 44. Rc2 Kf7 45. Rf3 Rxf3 46. Kxf3
{und den Notationen zufolge gab Weiss hier auf, ohne die Antwort} 46... Nd4+ {
abzuwarten.} 0-1

[Event "FSV-ch 2010"]
[Site "Dortmund"]
[Date "2010.04.29"]
[Round "3.25"]
[White "Rüttiger, Volker"]
[Black "Rabe, Mark"]
[Result "1-0"]
[WhiteElo "1265"]
[BlackElo "987"]
[PlyCount "83"]
[EventDate "2010.??.??"]

1. d4 d5 2. g3 Nf6 3. Bg2 e6 4. Nc3 Be7 5. e4 dxe4 6. Nxe4 O-O 7. Ne2 Nc6 8.
Be3 Ng4 9. Bd2 Nxd4 10. Nxd4 e5 11. Ne2 f5 12. N4c3 c6 13. h3 Nf6 14. Be3 e4
15. Qd2 Qxd2+ 16. Bxd2 Rd8 17. O-O-O Be6 18. f3 Bc4 19. Rhe1 Rd7 20. Kb1 Rad8
21. Be3 Bxe2 22. Rxd7 Rxd7 23. Rxe2 b5 24. Rd2 Rxd2 25. Bxd2 Bd6 26. fxe4 Bxg3
27. exf5 b4 28. Ne2 Bd6 29. Bxc6 a5 30. Nf4 h5 31. Nd5 Ne4 32. Ne7+ Kf7 33.
Bxe4 Kxe7 34. Bg5+ Kd7 35. Bf3 Be5 36. Bxh5 Kd6 37. Bd8 a4 38. Be8 a3 39. bxa3
Bc3 40. a4 Bf6 41. Bxf6 gxf6 42. h4 1-0

[Event "FSV-ch 2010"]
[Site "Dortmund"]
[Date "2010.04.29"]
[Round "3.26"]
[White "Saparantzki, Christian"]
[Black "Maffei, Hendrik"]
[Result "0-1"]
[WhiteElo "758"]
[BlackElo "1209"]
[PlyCount "84"]
[EventDate "2010.??.??"]

1. d4 g6 2. Nf3 Bg7 3. b3 c5 4. Bb2 Nf6 5. e3 d6 6. dxc5 Qa5+ 7. Qd2 Qxc5 8.
Bd3 Bg4 9. Qe2 O-O 10. h3 Bxf3 11. Qxf3 Qc8 12. Nc3 a6 13. O-O-O b5 14. Qxa8
Qe6 15. e4 Nfd7 16. Qa7 Nc5 17. f3 Nc6 18. Qc7 Nb4 19. Kb1 Rc8 20. Qa5 Nc6 21.
b4 Nxa5 22. bxa5 Qe5 23. Na4 Qg5 24. Nxc5 Qxc5 25. Bxg7 Kxg7 26. Rd2 Qb4+ 27.
Kc1 Rc3 28. Be2 Ra3 29. Rd3 Rxd3 30. Bxd3 Qc3 31. Rd1 e5 32. g4 Qa3+ 33. Kb1
Qxa5 34. Rc1 Qd8 35. c4 b4 36. Kb2 Qg5 37. Rc2 Qe3 38. a3 Qxd3 39. axb4 Qxf3
40. b5 axb5 41. cxb5 Qxe4 42. Rc3 Qe2+ 0-1

[Event "FSV-ch 2010"]
[Site "Dortmund"]
[Date "2010.04.29"]
[Round "3.27"]
[White "Pfeffer, Josef"]
[Black "Reker, Gerhard"]
[Result "1-0"]
[WhiteElo "1142"]
[BlackElo "758"]
[PlyCount "83"]
[EventDate "2010.??.??"]

1. e4 e5 2. Qh5 Qe7 3. Nf3 Nf6 4. Qxe5 Qxe5 5. Nxe5 Nxe4 6. f3 Bd6 7. Nc4 Nc5
8. Nxd6+ cxd6 9. Bc4 O-O 10. O-O Nc6 11. c3 a6 12. d4 Ne6 13. b4 Ne7 14. d5 Nc7
15. a4 Nexd5 16. Rd1 Nb6 17. Bb3 d5 18. a5 Nc4 19. Na3 b5 20. Nxc4 bxc4 21. Ba4
Nb5 22. Bxb5 axb5 23. Rxd5 Rb8 24. a6 d6 25. a7 Ra8 26. Rxb5 Be6 27. Rb6 d5 28.
Bf4 h6 29. Rb8 Raxb8 30. Bxb8 g5 31. b5 f5 32. a8=Q f4 33. Be5 Bd7 34. Qxf8+
Kxf8 35. Ra8+ Kf7 36. b6 Ke6 37. Bc7 Bc6 38. Rh8 h5 39. Rxh5 Kf5 40. h4 Kg6 41.
Rxg5+ Kf6 42. Bxf4 1-0

[Event "FSV-ch 2010"]
[Site "Dortmund"]
[Date "2010.05.06"]
[Round "4.1"]
[White "Borjini, Mohamed"]
[Black "Lauche, Christoph"]
[Result "1-0"]
[WhiteElo "1979"]
[BlackElo "1960"]
[PlyCount "63"]
[EventDate "2010.??.??"]

1. e4 c5 2. Nc3 Nc6 3. g3 g6 4. Bg2 Bg7 5. d3 d6 6. Nge2 Nf6 7. O-O O-O 8. h3
Rb8 9. Be3 b5 10. Qd2 b4 11. Nd1 Re8 12. f4 e6 13. g4 Nd7 14. f5 exf5 15. exf5
Bb7 16. fxg6 hxg6 17. Nf4 Ne7 18. Bxb7 Rxb7 19. c3 d5 20. Qf2 bxc3 21. bxc3 d4
22. cxd4 Nb6 23. Nh5 gxh5 24. Qxf7+ Kh8 25. Qxh5+ Kg8 26. Nf2 Rf8 27. Ne4 Bxd4
28. Rxf8+ Qxf8 29. Bxd4 cxd4 30. Rf1 Qg7 31. Nf6+ Kf8 32. Qe8# 1-0

[Event "FSV-ch 2010"]
[Site "Dortmund"]
[Date "2010.05.06"]
[Round "4.2"]
[White "Morawietz, Manuel"]
[Black "Begna, Bozidar"]
[Result "1-0"]
[WhiteElo "1891"]
[BlackElo "1978"]
[PlyCount "123"]
[EventDate "2010.??.??"]

1. e4 Nf6 2. e5 Nd5 3. d4 d6 4. c4 Nb6 5. exd6 cxd6 6. Nc3 g6 7. Be3 Bg7 8. Bd3
Nc6 9. Nge2 O-O 10. O-O e5 11. d5 Ne7 12. f4 Nf5 13. Bf2 exf4 14. Nxf4 Re8 15.
Re1 Bd7 16. Rxe8+ Qxe8 17. Qd2 Be5 18. Re1 Qf8 19. Nh3 h6 20. Kh1 Qg7 21. Ng1
Rc8 22. Bxb6 axb6 23. Nf3 Bf6 24. Ne4 Bxb2 25. Qb4 b5 26. Rb1 Be5 27. cxb5 g5
28. g4 Ne3 29. Nxe5 Nxd5 $4 30. Qxd6 $18 Be6 31. Rf1 Nf4 32. Bb1 Re8 33. Nd7
Rc8 34. Ndf6+ Kh8 35. Rd1 Qf8 36. Qe5 Qg7 37. Qd6 Qf8 38. Qxf8+ Rxf8 39. Kg1
Kg7 40. Kf2 Ra8 41. Rd2 Kf8 42. Nc5 Ke7 43. Nxe6 fxe6 44. Ne4 Ra3 45. Nc5 Nh3+
46. Kf1 b6 47. Rd7+ Kf6 48. Nb3 Ra4 49. Rh7 Rxg4 50. Rxh6+ Ke5 51. Rxh3 Rb4 52.
Bd3 Ra4 53. Re3+ Kd5 54. Re2 e5 55. Nd2 Rd4 56. Be4+ Kd6 57. Nb3 Rb4 58. Bc6
Ke6 59. Kg2 Kf5 60. Rf2+ Kg4 61. Rf6 e4 62. h3+ 1-0

[Event "FSV-ch 2010"]
[Site "Dortmund"]
[Date "2010.05.06"]
[Round "4.3"]
[White "Lindam, Ingo"]
[Black "Grube, Jörg"]
[Result "1-0"]
[WhiteElo "2068"]
[BlackElo "1684"]
[PlyCount "64"]
[EventDate "2010.??.??"]

1. d4 Nf6 2. Bg5 Ne4 3. h4 d5 4. Nd2 Qd6 5. e3 $6 (5. Nxe4 $142 dxe4 6. Qd2)
5... Qb4 6. Rb1 Qxd2+ 7. Qxd2 Nxd2 8. Kxd2 Bf5 9. Nf3 Nd7 10. Bd3 Bxd3 11. Kxd3
c5 12. b3 e6 13. c4 Nf6 $6 14. Bxf6 gxf6 15. cxd5 cxd4 16. dxe6 $2 (16. Nxd4
$16) 16... dxe3 17. exf7+ Kxf7 18. fxe3 Bc5 19. Rbc1 Bb6 20. Rhf1 Rhg8 21. Ng5+
$2 Ke7 22. Nxh7 $6 Rxg2 $2 (22... Rad8+ 23. Ke4 Rd6 24. Rcd1 Rxd1 25. Rxd1 Rg7
26. Nxf6 Kxf6 $17) 23. Nxf6 $18 Rd8+ 24. Ke4 Ke6 25. Nh5 Rg4+ 26. Nf4+ Ke7 27.
Kf5 Rg3 28. e4 Bd4 29. Ng6+ Kd6 30. e5+ Kd7 31. Rfd1 Ke8 32. Rc7 Rd7 1-0